OPAC Home

ලංකා මාතා (Record no. 91419)

MARC details
000 -LEADER
fixed length control field 00486nam a2200193Ia 4500
003 - CONTROL NUMBER IDENTIFIER
control field LK-CoDNM
005 - DATE AND TIME OF LATEST TRANSACTION
control field 20240119114810.0
008 - FIXED-LENGTH DATA ELEMENTS--GENERAL INFORMATION
fixed length control field 010623t1922 xxu||||| |||| 00| 1 eng d
040 ## - CATALOGING SOURCE
Original cataloging agency LK-CoDNM
Modifying agency LK-CoDNM
Description conventions LK-CoDNM
041 ## - LANGUAGE CODE
Language code of text/sound track or separate title English
-- Sinhala; Sinhalese
080 ## - UNIVERSAL DECIMAL CLASSIFICATION NUMBER
Universal Decimal Classification number 104
Item number J 10
942 ## - ADDED ENTRY ELEMENTS (KOHA)
Koha item type Books
100 ## - MAIN ENTRY--PERSONAL NAME
Personal name Karunarathna,Malani.M
245 ## - TITLE STATEMENT
Title ලංකා මාතා
246 ## - VARYING FORM OF TITLE
Title proper/short title Lanka Maatha
260 ## - PUBLICATION, DISTRIBUTION, ETC. (IMPRINT)
Name of publisher, distributor, etc. Srilankodaya
Place of publication, distribution, etc. Maradana
Date of publication, distribution, etc. 1922
-- 1926
300 ## - PHYSICAL DESCRIPTION
Other physical details 684p, 21 cm
490 ## - SERIES STATEMENT
Volume/sequential designation Vol.I-V
Holdings
Withdrawn status Lost status Damaged status Not for loan Collection code Permanent Location Current Location Date acquired Full call number Barcode Koha item type
    Damaged   Monographs Library National Museum Colombo - Sri Lanka Library National Museum Colombo - Sri Lanka 2023-08-02 104 J 10 OB937 Books
Copyright © 2023 Department of National Museum, Colombo 07, Sri Lanka Funded by UNESCO IFAP UNESCO